Nostalgic songs between 2007-2016 - Statistics

General Stats
  • This quiz has been taken 63 times
    61 since last reset
  • The average score is 17 of 33
Answer Stats
Question Answer % Correct
I Kissed a Girl (2008) Katy Perry
88%
Titanium (2011) David Guetta, Sia
79%
Firework (2010) Katy Perry
79%
Uptown Funk (2014) Mark Ronson, Bruno Mars
75%
What makes you beautiful (2011) One direction
75%
Timber (2012) Pitbull, Ke$ha
75%
Good feeling (2011) Flo Rida
71%
Grenade (2010) Bruno Mars
67%
Call me maybe. (2012) Carly Rae Jepsen
63%
Counting Stars (2013) One Republic
63%
Don't stop the music (2007) Rihanna
63%
Summer (2014) Calvin Harris
58%
Glad you came. (2011) The Wanted
58%
One Dance (2016) Drake, WizKid, Kyla
54%
Party Rock Anthem (2011) LMFAO
54%
Party in the U.S.A (2009) Miley Cyrus
54%
I Gotta Feeling (2009) Black Eyed Peas
50%
Hey Ya! (2009) Outkast
50%
She looks so perfect. (2014) 5 seconds of summer
46%
Nothin' on you (2010) B.o.B, Bruno Mars
46%
Troublemaker (2012) Olly Murs, Flo Rida
46%
Dynamite (2010) Taio Cruz
46%
Somebody to you (2014) The Vamps
46%
Thrift Shop (2012) Macklemore, Ryan Lewis, Wanz
42%
Classic (2013) MKTO
42%
Outside (2014) Calvin Harris, Ellie Goulding
38%
Cheerleader (2012) Omi
38%
Cool Kids (2013) Echosmith
33%
Que Sera (2014) Justice Crew
33%
Blurred Lines (2013) Robin Thicke, T.I, Pharrell Williams
33%
Ready or Not (2012) Bridget Mendler
29%
Dirty mind. (2011) 3OH!3
17%
Break the rules. (2014) Charlie XCX
17%
No matching quizzes found
Score Distribution
Percent of People with Each Score
Percentile by Number Answered
Your Score History
You have not taken this quiz since the last reset